000 00832nam a2200145 4500
003 LK-CoMWRAF
005 20240212095623.0
008 231215b2009 |||||||| |||| 00| 0 eng d
040 _aLK-CoMWRAF
_dLK-CoMWRAF
_eLK-CoMWRAF
041 _aeng
_asin
_atam
082 _a305.42
_bPRO
245 _aA Programming framework to address gender-based violence = ස්ත්‍රී පුරුෂ සමාජභාවය පදනම් කරගත් ප්‍රචණ්ඩත්වය ඇමතීම සඳහා වන වැඩසටහන් ප්‍රවේශය = பாலின அடிப்படையிலான வன்முறையைத் தீர்ப்பதற்கான ஒரு நிரலாக்க கட்டமைப்பு
260 _aColombo:
_bWomen defining peace,
_c2009
942 _cBK
999 _c4488
_d4488